000 00799nam a2200265 a 4500
001 10946
003 BD-RjUL
005 20211208235038.0
008 140125s1962 enka 001 0 eng c
035 _a(BD-RjUL)10995
_aOCLC 00244700 from mvso37
040 _aDLC/ICU
_cCGU
_dm.c.
_dEQO
_dBD-RjUL
_beng
041 _aeng
082 0 0 _a612.0151
_bWAM 1962
100 1 _aWaley, Stephen G.
_933831
245 1 0 _aMechanisms of organic and enzymic reactions /
_cby S. G. Waley.
260 _aOxford :
_bClarendon Press,
_c1962.
300 _axiii, 365 p. :
_bill. ;
_c24 cm.
504 _aIncludes indexes.
650 0 _aChemical reactions.
_933832
650 0 _aChemistry, Organic.
_933833
650 0 _aEnzymes.
_933834
942 _2ddc
_cBK
999 _c10946
_d10946